| 000 | 00672nam a22002177a 4500 | ||
|---|---|---|---|
| 003 | OSt | ||
| 005 | 20260119024808.0 | ||
| 008 | 260119b |||||||| |||| 00| 0 eng d | ||
| 020 | _a0-8151-2467-8. | ||
| 040 |
_aDWC-Main lib. _cOC |
||
| 082 | _aCirc. 616.8 Y36 1990 | ||
| 100 | _aCurrier, Robert D. | ||
| 245 |
_aThe yearbook of neurology and neurosurgery 1990/ _cRobert D. Currier |
||
| 260 |
_aChicago : _bYear Book Medical Publishers, Inc., _cc1990. |
||
| 300 |
_axi, 468 p. ; _c23 cm. |
||
| 504 | _aIncludes index. | ||
| 650 | _a1. Nervous system-Diseases. | ||
| 700 | _aCrowell, Robert M. | ||
| 700 | _dDejong, Russell | ||
| 942 |
_2ddc _cBK-CIRC _hCirc. _n0 |
||
| 999 |
_c7518 _d7518 |
||